000 00525nam a22001937a 4500
005 20251108164143.0
008 250721s1993 xx 000 0 ara d
082 1 4 _a811.9564/درو
100 1 _aدرويش، محمود
245 1 0 _aأحد عشر كوكباُ /
250 _aط2.
264 1 _aالدار البيضاء :
_bدار توبقال،
_c1993.
300 _a111ص
650 1 7 _aالأدب العربي
650 1 7 _aالشعر العربي
650 1 7 _aفلسطين
942 _2ddc
_cBK
999 _c4985
_d4985